000 00586nam a2200241 a 4500
001 nice12345678
003 IN_TiNIC
005 20260116015114.0
008 050524s1951 newa grp 000 0 eng
020 _a
_c70.5
082 0 0 _a291
_bBEN
100 _aBennett, John C
245 _aChristianity and Communism.
260 _aNew York
_bAssociation Press
_c1951
300 _a128p
500 _aincludes index and biblioraphy
505 2 _aIndex
650 _aCommunism and Christianity
700 1 _aBennett, John C
902 _bSRS
942 _cBK
999 _c18342
_d18342